000 01016nam a2200253 a 4500
001 000024479
003 DO-SdBNP
005 20240412074251.0
007 ta
008 110128s 2010 dr a 000 p spa d
020 _a978993446071
040 _aDO-SdBNP
_bspa
_cBNPHU
082 4 _aBNPHU RD861.4408
_bG216f
100 1 _aGarcía, José Enrique,
_d1948-
_922487
245 1 3 _aEl fabulador :
_bpoesía reunida 1977-2002 /
_cJosé Enrique García.
260 _aSanto Domingo :
_bBúho,
_c2010.
300 _a392 p. :
_bil. ;
_c23 cm.
505 0 _tPrólogo --
_tMeditaciones alrededor de una sospecha (1977) --
_tEl fabulador (1979) --
_tRitual del tiempo y los espacios (1982) --
_tCuando la miraba pasar (1987) --
_tHuellas de la memoria (1994) --
_tRecodo (2000) --
_tDiversos poemas --
_tNotas a los poemarios.
590 _aInventariado, 2019 / DG
650 1 4 _aPoesía dominicana
_xColecciones
_9351
650 1 0 _aLiteratura dominicana.
_967
910 _aValidado. Control de calidad. MMOLINA
942 _2ddc
_cLBS1
999 _c23972
_d23972